[Event "Hastings Chess Congress"]
[Site "Hastings ENG"]
[Date "2008.12.29"]
[EventDate "2008.12.28"]
[Round "2"]
[Result "1-0"]
[White "Mikael Rolvag"]
[Black "Rasa Norinkeviciute"]
[WhiteElo "2199"]
[BlackElo "2005"]
[PlyCount "155"]

1. d4 b6 2. e4 e6 3. Nc3 Bb7 4. a3 g6 5. Be3 Bg7 6. Qd2 h6
7. Nge2 Ne7 8. f3 d6 9. Nf4 a6 10. d5 e5 11. Nd3 f5 12. Ne2
Nd7 13. c4 Nf6 14. Nc3 fxe4 15. fxe4 Ng4 16. Bg1 h5 17. h3 Bh6
18. Qe2 Nf6 19. g3 Bc8 20. Be3 Bg7 21. b4 a5 22. Ra2 Ba6
23. Nf2 axb4 24. axb4 Bb7 25. Bg2 O-O 26. O-O Rxa2 27. Qxa2
Qa8 28. Qb3 Rb8 29. Nb5 Ne8 30. Qb2 Rc8 31. h4 c6 32. Nc3 cxd5
33. cxd5 b5 34. Ra1 Qb8 35. Ra5 Nc7 36. Ba7 Qa8 37. Bc5 Ba6
38. Bxd6 Bf6 39. Bxc7 Rxc7 40. d6 Rxc3 41. Qxc3 Nc6 42. Ra2
Qb7 43. Qa3 Nb8 44. Qa5 Qf7 45. Ra1 Bb7 46. Qc7 Nc6 47. d7 Nd8
48. Nd3 Qb3 49. Qd6 Kg7 50. Rf1 Qe6 51. Qxe6 Nxe6 52. Bh3 Nd8
53. Nc5 Kf7 54. Kf2 Ke7 55. Ke3 Bc6 56. Rd1 g5 57. hxg5 Bxg5+
58. Kf3 Bf6 59. Bf5 h4 60. gxh4 Bxh4 61. Nd3 Bf6 62. Nf2 Kf7
63. Ng4 Bg7 64. Rh1 Kg8 65. Ke3 Kf8 66. Kd3 Ke7 67. Rh7 Kf8
68. Rxg7 Kxg7 69. Nxe5 Kf6 70. Kd4 Bb7 71. Bh3 Ba8 72. Bf5 Bb7
73. Ng4+ Kg5 74. Ne3 Kf6 75. Nd5+ Kf7 76. Kc5 Bc6 77. Kd6 Ba8
78. Kc7 1-0

[Event "Hastings Chess Congress"]
[Site "Hastings ENG"]
[Date "2008.12.29"]
[EventDate "2008.12.28"]
[Round "2"]
[Result "0-1"]
[White "Uwe Nebel"]
[Black "Nikoloz Chkhaidze"]
[WhiteElo "2001"]
[BlackElo "2203"]
[PlyCount "58"]

1. e4 c6 2. d4 d5 3. Nc3 dxe4 4. Nxe4 Bf5 5. Ng3 Bg6 6. h4 h6
7. h5 Bh7 8. Nf3 Nd7 9. Bd3 Bxd3 10. Qxd3 e6 11. Bf4 Qa5+
12. Kf1 Ngf6 13. Ne5 Be7 14. Rh3 Rd8 15. Nc4 Qd5 16. Ne3 Qb5
17. Qxb5 cxb5 18. Re1 Nb6 19. Be5 O-O 20. Bxf6 Bxf6 21. c3 b4
22. Ng4 Be7 23. Ne5 Na4 24. Ne2 Rc8 25. Rb1 Rfd8 26. c4 Bf6
27. c5 Bxe5 28. dxe5 Rxc5 29. Rd3 Rxd3 0-1

[Event "Hastings Chess Congress"]
[Site "Hastings ENG"]
[Date "2008.12.29"]
[EventDate "2008.12.28"]
[Round "2"]
[Result "1-0"]
[White "Norman Hutchinson"]
[Black "Jude A Lenier"]
[WhiteElo "2075"]
[BlackElo "1831"]
[PlyCount "95"]

1. e4 e5 2. Nf3 Nc6 3. Bb5 a6 4. Ba4 Nf6 5. O-O Be7 6. Bxc6
dxc6 7. d3 Nd7 8. b3 O-O 9. Bb2 Bf6 10. Nbd2 Re8 11. Nc4 b5
12. Ne3 g6 13. a4 Bb7 14. Qd2 Bg7 15. h3 c5 16. axb5 axb5
17. Rxa8 Bxa8 18. Ra1 Nb6 19. Ra5 Bc6 20. Ng4 Qd6 21. Nh6+
Bxh6 22. Qxh6 f6 23. Qe3 Ra8 24. Rxa8+ Bxa8 25. Ba3 Nd7 26. g4
Qc6 27. Nd2 Qb6 28. Kf1 Qa7 29. Nb1 b4 30. Bb2 Qa2 31. Qc1 Nf8
32. Nd2 Bb7 33. Qa1 Qxa1+ 34. Bxa1 Ne6 35. Nc4 Ba6 36. Ne3 Bb7
37. h4 Kf7 38. g5 Nd4 39. Bxd4 cxd4 40. Ng4 f5 41. exf5 gxf5
42. Nxe5+ Ke6 43. f4 Bd5 44. h5 Ke7 45. h6 Kf8 46. g6 hxg6
47. Nxg6+ Kf7 48. h7 1-0

[Event "Hastings Chess Congress"]
[Site "Hastings ENG"]
[Date "2008.12.29"]
[EventDate "2008.12.28"]
[Round "2"]
[Result "1-0"]
[White "Birk Anders Rolvaag"]
[Black "R Alan Barton"]
[WhiteElo "1880"]
[BlackElo "2131"]
[PlyCount "119"]

1. e4 d5 2. exd5 Qxd5 3. Nc3 Qa5 4. Bc4 c6 5. Nf3 Nf6 6. O-O
Bg4 7. d4 e6 8. Bd2 Nbd7 9. h3 Bh5 10. Nd5 Qd8 11. Nf4 Bxf3
12. Qxf3 Nd5 13. Rfe1 N7f6 14. Nh5 Qd7 15. Bb3 Nxh5 16. Qxh5
O-O-O 17. c4 Nf6 18. Qa5 b6 19. Qa6+ Qb7 20. Qxb7+ Kxb7
21. Be3 h6 22. a3 Bd6 23. Bd1 Rhe8 24. Bf3 e5 25. dxe5 Bxe5
26. Rab1 Bd4 27. Bxd4 Rxd4 28. Rxe8 Nxe8 29. b4 Kc7 30. Re1
Nf6 31. Re7+ Rd7 32. Re3 a6 33. g4 b5 34. c5 Nd5 35. Bxd5 Rxd5
36. Kg2 Kd7 37. Kg3 g5 38. h4 f6 39. f4 Rd1 40. fxg5 fxg5
41. hxg5 hxg5 42. Kf3 Rd5 43. Ke4 Ke6 44. Rh3 Re5+ 45. Kf3 Kd5
46. Rh6 Re6 47. Rh5 Re5 48. Rh7 Kd4 49. Rd7+ Rd5 50. Rd6 Kc4
51. Ke4 a5 52. Rxd5 cxd5+ 53. Ke5 axb4 54. axb4 d4 55. c6 d3
56. c7 Kxb4 57. c8=Q Kb3 58. Qc1 b4 59. Kd4 Ka2 60. Kxd3 1-0

[Event "Hastings Chess Congress"]
[Site "Hastings ENG"]
[Date "2008.12.29"]
[EventDate "2008.12.28"]
[Round "2"]
[Result "1-0"]
[White "Einora Juciute"]
[Black "Adrian O Pickersgill"]
[WhiteElo "1815"]
[BlackElo "2043"]
[PlyCount "61"]

1. e4 d5 2. exd5 Qxd5 3. Nc3 Qa5 4. Nf3 Nf6 5. Be2 c6 6. O-O
Bg4 7. b4 Qc7 8. b5 c5 9. d4 e6 10. h3 Bh5 11. d5 e5 12. Re1
Bxf3 13. Bxf3 Bd6 14. b6 axb6 15. Nb5 Qe7 16. Bb2 Nbd7 17. Qe2
O-O-O 18. c4 Rhe8 19. a4 e4 20. Bg4 Kb8 21. a5 Nxg4 22. hxg4
Ne5 23. axb6 Nd3 24. Bxg7 Qh4 25. Ra8+ Kxa8 26. Qa2+ Kb8
27. Qa7+ Kc8 28. Qa8+ Bb8 29. Na7+ Kd7 30. Qxb7+ Kd6 31. Nb5+
1-0

[Event "Hastings Chess Congress"]
[Site "Hastings ENG"]
[Date "2008.12.29"]
[EventDate "2008.12.28"]
[Round "2"]
[Result "1-0"]
[White "Raymond Charles Cannon"]
[Black "Adrian Conde"]
[WhiteElo "2041"]
[BlackElo "2067"]
[PlyCount "77"]

1. e4 e6 2. d4 d5 3. Nd2 Ne7 4. Ngf3 Ng6 5. h4 h6 6. h5 Ne7
7. Bd3 b6 8. c3 Bb7 9. Qe2 Nd7 10. exd5 Nxd5 11. Ne4 Qe7
12. a3 O-O-O 13. Bd2 c5 14. c4 N5f6 15. Bf4 Nxe4 16. Bxe4 Nf6
17. Bxb7+ Qxb7 18. O-O-O Qe4 19. Qd2 cxd4 20. Rhe1 Qb7
21. Nxd4 Bc5 22. Qc3 Qxg2 23. Nb5 Qb7 24. Qe5 a6 25. Nd6+ Bxd6
26. Rxd6 Rxd6 27. Qxd6 Rd8 28. Qe5 Ng4 29. Qe2 Nf6 30. Qe5 Ne8
31. Kb1 Qc7 32. Qe4 Qb7 33. Qe5 Nf6 34. f3 Ne8 35. Rc1 Qc7
36. Qe3 Qc6 37. Qe5 f6 38. Qb8+ Kd7 39. Rd1+ 1-0

[Event "Hastings Chess Congress"]
[Site "Hastings ENG"]
[Date "2008.12.29"]
[EventDate "2008.12.28"]
[Round "2"]
[Result "1-0"]
[White "Evangelos Kakkanas"]
[Black "Tom C O'Neill"]
[WhiteElo "2009"]
[BlackElo "1518"]
[PlyCount "89"]

1. d4 Nf6 2. Nf3 g6 3. c4 Bg7 4. Nc3 d5 5. g3 dxc4 6. Bg2 c5
7. d5 Ng4 8. O-O Na6 9. Qa4+ Bd7 10. Qxc4 Rb8 11. a4 O-O
12. Nb5 Nc7 13. Nxa7 b5 14. axb5 Nxb5 15. Nxb5 Rxb5 16. Ra2
Qb6 17. Qa4 Rb8 18. Bf4 Rb7 19. Qa8+ Bf8 20. h3 Rxb2 21. Rxb2
Qxb2 22. hxg4 Bxg4 23. Ne5 Bxe2 24. Nd7 Rxd7 25. Bh6 Qg7
26. Bxg7 Kxg7 27. Re1 Bd3 28. Qe8 Rb7 29. d6 Bb5 30. Bxb7 Bxe8
31. dxe7 Kg8 32. exf8=Q+ Kxf8 33. Rc1 c4 34. Rxc4 Bb5 35. Rc7
Kg7 36. Bd5 Be8 37. Bc6 Bxc6 38. Rxc6 h6 39. Kg2 g5 40. g4 f6
41. Kf3 Kf7 42. Ke4 Kg6 43. f3 h5 44. gxh5+ Kxh5 45. Kf5 1-0

[Event "Hastings Chess Congress"]
[Site "Hastings ENG"]
[Date "2008.12.29"]
[EventDate "2008.12.28"]
[Round "2"]
[Result "0-1"]
[White "James S Macrae"]
[Black "Elliott Auckland"]
[WhiteElo "1778"]
[BlackElo "2017"]
[PlyCount "124"]

1. d4 Nf6 2. Nf3 g6 3. Bg5 Bg7 4. e3 d5 5. Nbd2 O-O 6. Bd3
Nbd7 7. O-O b6 8. Re1 Bb7 9. e4 dxe4 10. Nxe4 Nxe4 11. Bxe4
Bxe4 12. Rxe4 f6 13. Bd2 Re8 14. Qe2 c5 15. Re1 Kf8 16. Re6
Rc8 17. Bc3 Rc7 18. Qe3 Kf7 19. Qf4 Nf8 20. R6e3 Kg8 21. Rd3
cxd4 22. Nxd4 Qc8 23. Qe3 Rc5 24. Nf3 e5 25. Rd2 Ne6 26. Red1
Rc7 27. a3 Nc5 28. Bb4 Na4 29. Qb3+ Kh8 30. Qxa4 e4 31. Nd4 e3
32. fxe3 Rxe3 33. Rd3 Bh6 34. Re1 Rce7 35. Nf3 Rxe1+ 36. Bxe1
Qc5+ 37. Bf2 Be3 38. Bxe3 Rxe3 39. Qd4 Rxd3 40. cxd3 Qc1+
41. Kf2 Kg7 42. Qc3 Qf4 43. Qd2 Qf5 44. Qc3 g5 45. h3 h5
46. Kg1 Qf4 47. d4 g4 48. hxg4 hxg4 49. Qd2 Qe4 50. Ne1 g3
51. Nc2 Qh4 52. Ne3 Qh2+ 53. Kf1 Qh1+ 54. Ke2 Qh5+ 55. Kd3
Qg6+ 56. Kc3 f5 57. Qd3 Qc6+ 58. Kd2 f4 59. Nf5+ Kf6 60. d5
Qc5 61. Qd4+ Kxf5 62. Qxc5 bxc5 0-1

[Event "Hastings Chess Congress"]
[Site "Hastings ENG"]
[Date "2008.12.30"]
[EventDate "2008.12.28"]
[Round "3"]
[Result "1/2-1/2"]
[White "Mark Hebden"]
[Black "Valery Neverov"]
[WhiteElo "2515"]
[BlackElo "2571"]
[PlyCount "65"]

1. d4 Nf6 2. Nf3 g6 3. Nc3 d5 4. Bf4 Bg7 5. Qd2 Ne4 6. Nxe4
dxe4 7. Ne5 f6 8. Nc4 Be6 9. e3 O-O 10. Be2 Nc6 11. Rd1 Bd5
12. Na5 Nxa5 13. Qxa5 c6 14. Qa3 Qd7 15. Bg3 f5 16. c4 Bf7
17. O-O Rfd8 18. b3 Qe8 19. Qa5 Rd7 20. f3 exf3 21. Bxf3 Qd8
22. Qa3 a5 23. Qc1 Qb6 24. Bf2 a4 25. Qc2 axb3 26. axb3 Ra3
27. Rb1 Qa5 28. Qc1 Ra2 29. Be1 Qa3 30. Qxa3 Rxa3 31. Bb4 Ra8
32. Rbd1 e5 33. dxe5 1/2-1/2

[Event "Hastings Chess Congress"]
[Site "Hastings ENG"]
[Date "2008.12.30"]
[EventDate "2008.12.28"]
[Round "3"]
[Result "1/2-1/2"]
[White "Emanuel Berg"]
[Black "Stuart C Conquest"]
[WhiteElo "2623"]
[BlackElo "2526"]
[PlyCount "67"]

1. e4 d5 2. exd5 Nf6 3. Nf3 Nxd5 4. d4 Bf5 5. Bd3 Bxd3 6. Qxd3
e6 7. O-O c6 8. c4 Nf6 9. Nc3 Be7 10. b3 O-O 11. Bb2 Nbd7
12. Rfe1 Re8 13. Rad1 Qa5 14. d5 cxd5 15. cxd5 exd5 16. Nxd5
Nxd5 17. Qxd5 Qxd5 18. Rxd5 Nf6 19. Rb5 b6 20. Rbe5 Bb4
21. Rxe8+ Nxe8 22. Rc1 Rd8 23. Kf1 Bc5 24. Ke2 f6 25. Bc3 Kf7
26. a4 Rd7 27. Rc2 Nc7 28. Bd4 Ne6 29. Bxc5 Nxc5 30. Rc3 Re7+
31. Kf1 a5 32. Nd2 Ne4 33. Nxe4 Rxe4 34. f3 1/2-1/2

[Event "Hastings Chess Congress"]
[Site "Hastings ENG"]
[Date "2008.12.30"]
[EventDate "2008.12.28"]
[Round "3"]
[Result "1/2-1/2"]
[White "Chino C Atako"]
[Black "Daniel Gormally"]
[WhiteElo "2100"]
[BlackElo "2514"]
[PlyCount "77"]

1. e4 c5 2. Nf3 d6 3. d4 cxd4 4. Nxd4 Nf6 5. Nc3 a6 6. Rg1 e5
7. Nb3 Be6 8. g4 d5 9. exd5 Nxd5 10. Nxd5 Qxd5 11. Qxd5 Bxd5
12. Be3 Nc6 13. O-O-O O-O-O 14. Bb6 Rd7 15. Rg3 Be7 16. g5 Be6
17. Rxd7 Kxd7 18. Nc5+ Bxc5 19. Bxc5 h6 20. gxh6 Rxh6 21. Rxg7
Rxh2 22. Bg2 b5 23. a3 Nd4 24. Bxd4 exd4 25. Kd2 Kd6 26. Kd3
Ke5 27. f4+ Kxf4 28. Kxd4 f6 29. b3 a5 30. c4 bxc4 31. bxc4
Bg4 32. Bc6 Ra2 33. a4 Bd1 34. Rg1 Bxa4 35. Rf1+ Kg5 36. Rg1+
Kf4 37. Rf1+ Kg5 38. Rg1+ Kf4 39. Rg7 1/2-1/2

[Event "Hastings Chess Congress"]
[Site "Hastings ENG"]
[Date "2008.12.30"]
[EventDate "2008.12.28"]
[Round "3"]
[Result "1/2-1/2"]
[White "Milos Pavlovic"]
[Black "Jack Rudd"]
[WhiteElo "2524"]
[BlackElo "2344"]
[PlyCount "106"]

1. Nf3 Nc6 2. c4 e5 3. Nc3 Nf6 4. d3 g6 5. g3 Bg7 6. Bg2 O-O
7. O-O d6 8. e4 Nh5 9. h3 Bd7 10. Nd5 Ne7 11. Bg5 f6 12. Be3
c6 13. Nc3 Be6 14. Rc1 f5 15. Ng5 Bd7 16. c5 h6 17. cxd6 Nd5
18. exd5 hxg5 19. Qb3 c5 20. Bxc5 b6 21. Ba3 f4 22. Qd1 fxg3
23. fxg3 Nxg3 24. Rxf8+ Qxf8 25. Ne4 Nxe4 26. dxe4 g4 27. Rc3
Qf4 28. hxg4 Bxg4 29. Qf1 Rf8 30. d7 Rd8 31. Bh3 Qxf1+
32. Bxf1 Rxd7 33. Bb5 Rf7 34. Be8 Rf4 35. Bxg6 Bf6 36. Rc7 Bf3
37. Bh7+ Kh8 38. Rf7 Bh4 39. Rxf4 exf4 40. Bf5 Be2 41. Bd6 f3
42. Be5+ Kg8 43. Bd4 Bg3 44. e5 f2+ 45. Bxf2 Bxe5 46. b3 Bf3
47. Be6+ Kf8 48. Be1 Bd4+ 49. Kh2 Ke7 50. Bg3 Bc5 51. Bh4+ Kd6
52. Bg3+ Ke7 53. Bh4+ Kd6 1/2-1/2

[Event "Hastings Chess Congress"]
[Site "Hastings ENG"]
[Date "2008.12.30"]
[EventDate "2008.12.28"]
[Round "3"]
[Result "1-0"]
[White "Simon Kim Williams"]
[Black "Peter S Poobalasingam"]
[WhiteElo "2494"]
[BlackElo "2235"]
[PlyCount "83"]

1. d4 Nf6 2. c4 g6 3. h4 d6 4. Nc3 Nbd7 5. e4 e5 6. d5 Nc5
7. Qc2 a5 8. Be2 h6 9. h5 g5 10. Be3 b6 11. Bd1 Bd7 12. Nge2
c6 13. Bxc5 bxc5 14. Ng3 cxd5 15. cxd5 Be7 16. Be2 Kf8 17. Bb5
Bc8 18. Nd1 Ne8 19. Ne3 Ng7 20. Be2 Rb8 21. O-O Kg8 22. b3 Kh7
23. Bg4 Ba6 24. Rfb1 Rf8 25. Qc3 Bb5 26. a3 Be8 27. b4 axb4
28. axb4 Rb5 29. Ra7 cxb4 30. Rxb4 Qb8 31. Rxb5 Qxa7 32. Rb1
f5 33. Nexf5 Bd7 34. Qe3 Qc7 35. Qb6 Qxb6 36. Rxb6 Bxf5
37. Bxf5+ Kg8 38. Rb7 Bf6 39. Be6+ Kh8 40. Rd7 Ne8 41. Nf5 Bg7
42. Ne7 1-0

[Event "Hastings Chess Congress"]
[Site "Hastings ENG"]
[Date "2008.12.30"]
[EventDate "2008.12.28"]
[Round "3"]
[Result "1/2-1/2"]
[White "Konstantinos Nikolaidis"]
[Black "Luis Javier Bernal Moro"]
[WhiteElo "2264"]
[BlackElo "2451"]
[PlyCount "38"]

1. d4 Nf6 2. Nf3 g6 3. c4 Bg7 4. Nc3 O-O 5. e4 d6 6. Be2 c5
7. d5 e6 8. O-O exd5 9. exd5 Bg4 10. h3 Bxf3 11. Bxf3 Nbd7
12. Be3 Ne8 13. Qd2 Nc7 14. Rfe1 Re8 15. a3 b6 16. g3 Rb8
17. Be2 a6 18. a4 f5 19. Kg2 Nf6 1/2-1/2

[Event "Hastings Chess Congress"]
[Site "Hastings ENG"]
[Date "2008.12.30"]
[EventDate "2008.12.28"]
[Round "3"]
[Result "1/2-1/2"]
[White "John Anderson"]
[Black "Adam Hunt"]
[WhiteElo "2213"]
[BlackElo "2431"]
[PlyCount "72"]

1. e4 c5 2. Nf3 d6 3. d4 cxd4 4. Nxd4 Nf6 5. Nc3 a6 6. Bg5 e6
7. f4 Be7 8. Qf3 Qc7 9. O-O-O Nbd7 10. Bd3 h6 11. Bh4 g5
12. e5 gxh4 13. exf6 Nxf6 14. Rhe1 Bd7 15. Re3 Rg8 16. Rde1
Qb6 17. Nf5 Bf8 18. Qf2 O-O-O 19. Qxh4 Ng4 20. R3e2 exf5
21. h3 Qd4 22. hxg4 Rxg4 23. Qh1 Qxf4+ 24. Kb1 Bg7 25. Re7 Qb4
26. a3 Qb6 27. Nd1 Be5 28. Rxd7 Rxd7 29. Bxf5 Rd4 30. c3 Rf4
31. Bxd7+ Kxd7 32. Qxh6 Qb5 33. Qh3+ Kc7 34. Qe3 Rf1 35. Rxf1
Qxf1 36. Qf3 Qxf3 1/2-1/2

[Event "Hastings Chess Congress"]
[Site "Hastings ENG"]
[Date "2008.12.30"]
[EventDate "2008.12.28"]
[Round "3"]
[Result "1-0"]
[White "Willy Hendriks"]
[Black "John N Sugden"]
[WhiteElo "2447"]
[BlackElo "2173"]
[PlyCount "115"]

1. e4 c5 2. Nf3 e6 3. c3 d5 4. e5 Nc6 5. d4 Qb6 6. a3 c4
7. Nbd2 Na5 8. Be2 Bd7 9. O-O O-O-O 10. Rb1 Nb3 11. Nxb3 Ba4
12. Nfd2 Ne7 13. Qe1 Bxb3 14. Nxb3 cxb3 15. Bd3 Nc6 16. Bg5
Rd7 17. Qe3 h6 18. Qh3 Na5 19. Rbd1 Nc4 20. Bc1 Be7 21. Qg4 g6
22. Bxc4 dxc4 23. d5 exd5 24. Rxd5 Qc6 25. Rxd7 h5 26. Qd4
Qxd7 27. Qxc4+ Qc7 28. Qxf7 Qxe5 29. Bf4 Qf6 30. Qc4+ Qc6
31. Qxb3 g5 32. Be3 h4 33. Rd1 Rd8 34. Rxd8+ Bxd8 35. Qb4 Qg6
36. Qg4+ Kc7 37. Qd1 b6 38. h3 Be7 39. b4 Qe4 40. Bd4 Bd6
41. a4 Qf4 42. Kf1 Qf5 43. Be3 Be7 44. b5 Bf6 45. c4 Be7
46. Ke2 Qe4 47. Qd3 Qxg2 48. Qf5 Qh2 49. Qe6 Kd8 50. a5 bxa5
51. Bxa7 Qd6 52. Qxd6+ Bxd6 53. f3 Kc7 54. Bd4 Be7 55. c5 Kd7
56. Kd3 Kc7 57. Kc4 Kb7 58. Kd5 1-0

[Event "Hastings Chess Congress"]
[Site "Hastings ENG"]
[Date "2008.12.30"]
[EventDate "2008.12.28"]
[Round "3"]
[Result "0-1"]
[White "Francis Rayner"]
[Black "Aaron Summerscale"]
[WhiteElo "2151"]
[BlackElo "2467"]
[PlyCount "83"]

1. e4 e6 2. d4 d5 3. Nc3 Nf6 4. Bg5 Bb4 5. e5 h6 6. Bd2 Bxc3
7. bxc3 Ne4 8. Qg4 Kf8 9. Qf4 Nxd2 10. Qxd2 c5 11. Nf3 Qa5
12. Bd3 c4 13. Be2 Nd7 14. O-O Nb6 15. a4 Nxa4 16. Rfb1 b5
17. Ra3 Bd7 18. Nh4 Qd8 19. g3 Kg8 20. f4 Kh7 21. Rf1 a5
22. Bh5 Qe7 23. Rfa1 Rhb8 24. Bf3 Qe8 25. Rb1 Ra6 26. f5 Rab6
27. fxe6 fxe6 28. Bg4 Qe7 29. Rba1 Rf8 30. Qe2 Qg5 31. Ng2 b4
32. h4 Qg6 33. cxb4 axb4 34. Rxa4 Bxa4 35. Rxa4 b3 36. cxb3
cxb3 37. h5 Qb1+ 38. Qd1 Qxd1+ 39. Bxd1 Rc8 40. Be2 Rc3
41. Ra1 b2 42. Ra4 0-1

[Event "Hastings Chess Congress"]
[Site "Hastings ENG"]
[Date "2008.12.30"]
[EventDate "2008.12.28"]
[Round "3"]
[Result "1-0"]
[White "Simon T Ansell"]
[Black "George Dickson"]
[WhiteElo "2410"]
[BlackElo "2135"]
[PlyCount "87"]

1. Nf3 Nf6 2. g3 g6 3. Bg2 Bg7 4. O-O O-O 5. d3 d5 6. Nbd2
Nbd7 7. e4 dxe4 8. dxe4 Nb6 9. Qe2 c6 10. e5 Nfd5 11. a3 Bf5
12. Nb3 Qc8 13. Re1 Bg4 14. Qf1 Nd7 15. Nbd4 Bxf3 16. Nxf3 Nc5
17. Qc4 Ne6 18. Qh4 b5 19. Bh3 Ndc7 20. Ng5 Nxg5 21. Bxg5 e6
22. Rad1 Nd5 23. b3 Qc7 24. c4 bxc4 25. bxc4 Nc3 26. Rd3 Bxe5
27. Rxe5 Qxe5 28. Re3 Ne2+ 29. Kg2 Qd4 30. Rxe2 Qxh4 31. gxh4
h5 32. Be7 Rfb8 33. Re3 Rb2 34. Kg3 Rc2 35. c5 Kg7 36. Bg2 Rc8
37. Bd6 Ra2 38. Bf1 g5 39. hxg5 h4+ 40. Kf3 Kg6 41. Ba6 Rg8
42. Bb7 Kxg5 43. Bxc6 Kf6 44. Be4 1-0

[Event "Hastings Chess Congress"]
[Site "Hastings ENG"]
[Date "2008.12.30"]
[EventDate "2008.12.28"]
[Round "3"]
[Result "1-0"]
[White "David J Eggleston"]
[Black "Ryan Rhys Griffiths"]
[WhiteElo "2368"]
[BlackElo "2107"]
[PlyCount "75"]

1. Nf3 c5 2. c4 Nc6 3. g3 g6 4. Bg2 Bg7 5. O-O e5 6. Nc3 Nge7
7. Ne1 O-O 8. Nc2 d6 9. Ne3 Rb8 10. d3 a6 11. a4 Be6 12. Ned5
f5 13. e3 Bf7 14. f4 Nxd5 15. cxd5 Ne7 16. a5 exf4 17. gxf4
Bxc3 18. bxc3 Nxd5 19. c4 Nf6 20. Bb2 Be6 21. Qc2 d5 22. cxd5
Bxd5 23. e4 Be6 24. Qxc5 Qxd3 25. Rfd1 Qb3 26. Bxf6 Rxf6
27. Rab1 Qc4 28. Qxc4 Bxc4 29. e5 Rff8 30. Bxb7 Bb5 31. Rxb5
axb5 32. a6 Kg7 33. Rd7+ Kh6 34. a7 Rbe8 35. Bd5 g5 36. e6 Rf6
37. e7 Ra6 38. a8=Q 1-0

[Event "Hastings Chess Congress"]
[Site "Hastings ENG"]
[Date "2008.12.30"]
[EventDate "2008.12.28"]
[Round "3"]
[Result "0-1"]
[White "Martyn Goodger"]
[Black "Luc Bergez"]
[WhiteElo "2164"]
[BlackElo "2356"]
[PlyCount "72"]

1. e4 c5 2. c3 Nf6 3. e5 Nd5 4. Nf3 d6 5. d4 cxd4 6. Qxd4 e6
7. exd6 Qxd6 8. Bc4 Nb6 9. Bb3 Qxd4 10. Nxd4 a6 11. Be3 N8d7
12. Nd2 Nc5 13. O-O Be7 14. Bc2 Nd5 15. Rfe1 O-O 16. N4f3 Nxe3
17. Rxe3 Bd7 18. Nc4 Bb5 19. Nb6 Rad8 20. b4 Bd3 21. Bxd3 Nxd3
22. Rd1 Nb2 23. Rb1 Nd1 24. Re1 Nxc3 25. Rb2 g6 26. a3 Bf6
27. Rd2 Nb5 28. Rd7 Nxa3 29. Rxb7 Bc3 30. Rc1 Bb2 31. Rf1 Rb8
32. Rxb8 Rxb8 33. Na4 Rxb4 34. Nxb2 Rxb2 35. h4 a5 36. Ra1
Rb1+ 0-1

[Event "Hastings Chess Congress"]
[Site "Hastings ENG"]
[Date "2008.12.30"]
[EventDate "2008.12.28"]
[Round "3"]
[Result "1/2-1/2"]
[White "David Cilia Vincenti"]
[Black "Sahaj Grover"]
[WhiteElo "2108"]
[BlackElo "2313"]
[PlyCount "57"]

1. d4 Nf6 2. c4 e6 3. Nc3 Bb4 4. Qc2 d5 5. a3 Bxc3+ 6. Qxc3
Ne4 7. Qc2 c5 8. dxc5 Nc6 9. e3 Qa5+ 10. Bd2 Nxd2 11. Qxd2
dxc4 12. Qxa5 Nxa5 13. Rc1 b5 14. cxb6 axb6 15. Bxc4 Bb7
16. Bb5+ Ke7 17. Nf3 Rac8 18. Ke2 Nb3 19. Rc3 Rxc3 20. bxc3
Ra8 21. a4 Ba6 22. Rd1 Bxb5+ 23. axb5 Ra2+ 24. Ke1 Nc5 25. Ne5
Rc2 26. c4 f6 27. Nc6+ Kf7 28. Rd8 Rxc4 29. Rb8 1/2-1/2

[Event "Hastings Chess Congress"]
[Site "Hastings ENG"]
[Date "2008.12.30"]
[EventDate "2008.12.28"]
[Round "3"]
[Result "1-0"]
[White "Didier Leroy"]
[Black "Norman Hutchinson"]
[WhiteElo "2286"]
[BlackElo "2075"]
[PlyCount "35"]

1. g3 Nf6 2. Bg2 c6 3. Nf3 d5 4. O-O Nbd7 5. d4 e6 6. Bf4 Qb6
7. b3 c5 8. c3 Ne4 9. Qd3 Ndf6 10. Ne5 Bd6 11. f3 g5 12. Be3
c4 13. bxc4 Qb2 14. fxe4 Bxe5 15. dxe5 Nxe4 16. Bxe4 dxe4
17. Qd6 Bd7 18. Bxg5 1-0

[Event "Hastings Chess Congress"]
[Site "Hastings ENG"]
[Date "2008.12.30"]
[EventDate "2008.12.28"]
[Round "3"]
[Result "1/2-1/2"]
[White "James R Adair"]
[Black "Odion Aikhoje"]
[WhiteElo "2072"]
[BlackElo "2260"]
[PlyCount "87"]

1. e4 Nf6 2. e5 Nd5 3. d4 d6 4. Nf3 Bg4 5. Be2 e6 6. h3 Bh5
7. c4 Nb6 8. exd6 cxd6 9. Nc3 Be7 10. d5 exd5 11. Nxd5 O-O
12. O-O Nc6 13. Be3 Nxd5 14. cxd5 Bxf3 15. Bxf3 Ne5 16. Be2 f5
17. f4 Nd7 18. Qb3 Bf6 19. Bf3 b6 20. Rac1 Nc5 21. Qc2 a5
22. Rfd1 Qd7 23. g4 g6 24. gxf5 gxf5 25. Kh2 Rae8 26. Qf2 Kh8
27. Bd4 Qg7 28. Rc3 Bxd4 29. Qxd4 Qxd4 30. Rxd4 Re1 31. b4
axb4 32. Rxb4 Ra8 33. Kg3 Rg8+ 34. Kf2 Ra1 35. Ra3 Rb8 36. Rb2
Rb7 37. Re2 Kg7 38. Ra8 Rd7 39. Rb8 Rb1 40. Ree8 Kf6 41. Rf8+
Rf7 42. Rxf7+ Kxf7 43. h4 b5 44. h5 1/2-1/2

[Event "Hastings Chess Congress"]
[Site "Hastings ENG"]
[Date "2008.12.30"]
[EventDate "2008.12.28"]
[Round "3"]
[Result "1/2-1/2"]
[White "Jacques Bernard"]
[Black "George E O'Toole"]
[WhiteElo "2257"]
[BlackElo "2054"]
[PlyCount "75"]

1. e4 e5 2. Nf3 Nc6 3. Bb5 a6 4. Ba4 Nf6 5. O-O Be7 6. Re1 b5
7. Bb3 O-O 8. a4 Bb7 9. d3 d6 10. Nbd2 Na5 11. Ba2 c5 12. Nf1
Nc6 13. c3 b4 14. Ne3 g6 15. Bd2 Bc8 16. Nc4 Kg7 17. h3 h6
18. Qe2 Nh7 19. Rad1 Be6 20. d4 bxc3 21. bxc3 cxd4 22. cxd4
Nxd4 23. Nxd4 exd4 24. Bf4 Ng5 25. Rxd4 Bxc4 26. Bxc4 Ne6
27. Bxe6 fxe6 28. Bxd6 Bxd6 29. e5 Rxf2 30. Qxf2 Bc5 31. Red1
Qf8 32. Qxf8+ Rxf8 33. Kh2 Bxd4 34. Rxd4 Rf5 35. Re4 h5 36. g4
hxg4 37. hxg4 Rf3 38. Kg2 1/2-1/2

[Event "Hastings Chess Congress"]
[Site "Hastings ENG"]
[Date "2008.12.30"]
[EventDate "2008.12.28"]
[Round "3"]
[Result "0-1"]
[White "Christopher Briscoe"]
[Black "Dominic Foord"]
[WhiteElo "2253"]
[BlackElo "2043"]
[PlyCount "58"]

1. e4 e5 2. Nf3 d6 3. d4 exd4 4. Nxd4 Nf6 5. Nc3 Be7 6. g3 d5
7. exd5 Nxd5 8. Ne4 Bb4+ 9. c3 Qe7 10. Bg2 Nxc3 11. bxc3 Bxc3+
12. Bd2 Bxd4 13. O-O Nc6 14. Rb1 O-O 15. Re1 Bb6 16. Bc3 Be6
17. Qh5 h6 18. Nf6+ gxf6 19. Bxc6 Qc5 20. Qxc5 Bxc5 21. Bxb7
Rad8 22. Rbd1 Kg7 23. Ba5 Rxd1 24. Rxd1 Rb8 25. Bd5 Bxd5
26. Rxd5 Rb5 27. Bxc7 Bxf2+ 28. Kxf2 Rxd5 29. a4 Rd2+ 0-1

[Event "Hastings Chess Congress"]
[Site "Hastings ENG"]
[Date "2008.12.30"]
[EventDate "2008.12.28"]
[Round "3"]
[Result "1/2-1/2"]
[White "Michael J R White"]
[Black "Raymond Charles Cannon"]
[WhiteElo "2242"]
[BlackElo "2041"]
[PlyCount "71"]

1. e4 e6 2. d3 d5 3. Nd2 Nf6 4. Ngf3 dxe4 5. dxe4 Bc5 6. Be2
e5 7. O-O Qe7 8. c3 a5 9. Qc2 O-O 10. Nc4 Nc6 11. a4 Bg4
12. Bg5 Qe6 13. b3 h6 14. Be3 Bxe3 15. Nxe3 Bxf3 16. Bxf3 Ne7
17. g3 Rfd8 18. Rad1 Rd7 19. Rxd7 Nxd7 20. Bg4 Qc6 21. f4 exf4
22. gxf4 Nf6 23. Bf3 Qb6 24. Kf2 c6 25. c4 Rd8 26. e5 Nd7
27. Rd1 Nc5 28. Ke2 Ne6 29. Rxd8+ Qxd8 30. Qe4 Nd4+ 31. Kf2
Nxb3 32. f5 Nc5 33. Qb1 Nd3+ 34. Ke2 Nxe5 35. Qxb7 Qd3+
36. Kf2 1/2-1/2

[Event "Hastings Chess Congress"]
[Site "Hastings ENG"]
[Date "2008.12.30"]
[EventDate "2008.12.28"]
[Round "3"]
[Result "1-0"]
[White "Nikoloz Chkhaidze"]
[Black "Evangelos Kakkanas"]
[WhiteElo "2203"]
[BlackElo "2009"]
[PlyCount "51"]

1. e4 c5 2. Nf3 Nc6 3. d4 cxd4 4. Nxd4 Qc7 5. Nc3 e6 6. Be3 a6
7. Qd2 Nf6 8. f3 Bb4 9. a3 Be7 10. O-O-O Ne5 11. g4 d6 12. g5
Nfd7 13. h4 b5 14. h5 Bb7 15. f4 Nc6 16. Bh3 Nc5 17. b3 f5
18. Nxe6 Nxe6 19. Nd5 Qb8 20. Bxf5 Ncd8 21. h6 gxh6 22. Rxh6
Bxd5 23. Qxd5 Ng7 24. Rxh7 Rxh7 25. Bxh7 Nf7 26. Bg6 1-0